Hodnotenie výkonnosti podniku : Bakalárska práca
Salvato in:
| Autore principale: | |
|---|---|
| Altri autori: | |
| Natura: | Manoscritto Libro |
| Lingua: | slovacco |
| Pubblicazione: |
Bratislava :
STU v Bratislave MtF KPIM,
2004
|
| Soggetti: | |
| Tags: |
Nessun Tag, puoi essere il primo ad aggiungerne!!
|
MARC
| LEADER | 00000ntm a22000003a 4500 | ||
|---|---|---|---|
| 001 | stu91358 | ||
| 005 | 20160719154612.2 | ||
| 008 | 041108s2004----xo------------------slo-d | ||
| 040 | |a STU |b slo | ||
| 041 | 0 | |a slo | |
| 044 | |a xo | ||
| 100 | 1 | |a Grolmusová, Magdaléna |4 aut | |
| 245 | 1 | |a Hodnotenie výkonnosti podniku : |b Bakalárska práca | |
| 260 | |a Bratislava : |b STU v Bratislave MtF KPIM, |c 2004 | ||
| 300 | |a 62 s |c príl (1 CD) | ||
| 650 | 7 | |a priemyselné inžinierstvo a manažment |2 stusub | |
| 650 | 7 | |a finančný manažment |2 stusub | |
| 650 | 7 | |a finančná analýza podniku |2 stusub | |
| 700 | 1 | |a Chynoradská Šefčíková, Miriam |4 xxx |u M190 |U MTF Materiálovotechnologická fakulta |T MTF Katedra priemyselného inžinierstva a manažmentu |U M190 |Y 167 | |
| 996 | |b 284M061005 |c M*BP-891 |l MMSKP |s P |a 0 |w stu91358_0001 | ||